| 000 | 00865nam a2200301Ia 4500 | ||
|---|---|---|---|
| 001 | 79150 | ||
| 003 | IT-RoPAU | ||
| 008 | 130308s9999 xx 000 0 und d | ||
| 040 | _aIT-RoPAU | ||
| 040 | _cIT-RoPAU | ||
| 041 | _aITALIANO | ||
| 100 | _aFiloramo Giovanni | ||
| 100 | _gCodice Aut. SPICS: 27388 | ||
| 245 | _aAnima e animismo-Il soffio della vita | ||
| 245 | _bPopoli Diversi-5 | ||
| 250 | _a1a ed. | ||
| 260 | _aTORINO | ||
| 260 | _bSAIE | ||
| 260 | _c1979 [1° Ed.:1979 - Ed.Ling.Originale:1979] | ||
| 300 | _a"6 p. (prefazione: no ; testo: 6 [pagine: 56-61])" | ||
| 500 | _aTermine complesso Reincarnazione e Autonomia dell'Anima forza Impersonaleanimismo e Animatismo Alcune ipotesiAntropologiche | ||
| 650 | _aANTROPOLOGIA | ||
| 650 | _eCodice materia Spics: 3501 | ||
| 942 | _cBK | ||
| 957 | _71 | ||
| 999 |
_c41707 _d41707 |
||
| 999 | _bSI | ||
| 999 | _g1 | ||